| 000 -LEADER |
| fixed length control field |
01037nam a22002537a 4500 |
| 003 - CONTROL NUMBER IDENTIFIER |
| control field |
OSt |
| 005 - DATE AND TIME OF LATEST TRANSACTION |
| control field |
20251013155521.0 |
| 008 - FIXED-LENGTH DATA ELEMENTS--GENERAL INFORMATION |
| fixed length control field |
251013b ||||| |||| 00| 0 eng d |
| 020 ## - INTERNATIONAL STANDARD BOOK NUMBER |
| International Standard Book Number |
9781474915083 |
| Qualifying information |
book set |
| 040 ## - CATALOGING SOURCE |
| Transcribing agency |
KH8 |
| 082 ## - DEWEY DECIMAL CLASSIFICATION NUMBER |
| Classification number |
FIC COL |
| 100 ## - MAIN ENTRY--PERSONAL NAME |
| Personal name |
Collodi, Carlo, |
| Relator term |
author. |
| 245 ## - TITLE STATEMENT |
| Title |
Pinocchio / |
| Statement of responsibility, etc. |
Carlo Collodi ; illustrated by Mauro Evangelista. |
| 260 ## - PUBLICATION, DISTRIBUTION, ETC. |
| Place of publication, distribution, etc. |
England ; |
| Name of publisher, distributor, etc. |
Usborne Publishing Ltd , |
| Date of publication, distribution, etc. |
2005. |
| 300 ## - PHYSICAL DESCRIPTION |
| Extent |
63 pages : |
| Other physical details |
colour illustrations ; |
| Dimensions |
20 cm. |
| 490 ## - SERIES STATEMENT |
| Series statement |
Usborne Young Reading |
| Volume/sequential designation |
series two |
| 520 ## - SUMMARY, ETC. |
| Summary, etc. |
"Only good sons have a chance of becoming real boys," warns the wise cricket. But, try as he might, Pinocchio the puppet just can't stay out of trouble. Treasure hunts, false friends and funfairs lead him far from his poor, lonely father. Is Pinocchio doomed to be wooden forever? |
| 650 ## - SUBJECT ADDED ENTRY--TOPICAL TERM |
| Topical term or geographic name entry element |
Easy reading |
| Form subdivision |
fiction |
| 650 ## - SUBJECT ADDED ENTRY--TOPICAL TERM |
| Topical term or geographic name entry element |
Story book |
| Form subdivision |
fiction |
| 650 ## - SUBJECT ADDED ENTRY--TOPICAL TERM |
| Topical term or geographic name entry element |
Young readers |
| 700 ## - ADDED ENTRY--PERSONAL NAME |
| Personal name |
Evangelista, Mauro, |
| Relator term |
illustrator. |
| 830 ## - SERIES ADDED ENTRY--UNIFORM TITLE |
| Uniform title |
Usborne Young Reading |
| 942 ## - ADDED ENTRY ELEMENTS (KOHA) |
| Source of classification or shelving scheme |
|
| Koha item type |
Books - Fiction |